000 01891nam a22004817a 4500
003 OSt
005 20230424112628.0
007 Texto
008 140228b xxu||||| |||| 00| 0 eng d
020 _a9505085559
040 _aBIESPA
_bspa
_cBIESPA
082 _221
_a340.1
_bC359in
100 _aCatenacci, Imerio Jorge
245 _aIntroducción al Derecho:
_bTeoría General. Argumentación, Razonamiento Jurídico/
_cImerio Jorge Catenacci
250 _a1a. edición, 1a. reimpresión.
260 _aBuenos Aires, Argentina:
_bAstrea,
_c2006
300 _a388 páginas,
_c23 cm.
440 _aEjemplar 0709, Ubicación Derecho.
500 _aEscrito en el idioma español. . Colección Mayor Filosofía y Derecho.
600 _2Tesauros
_aJohn Austin
_xTeorías
600 _2Tesauros
_aHans Kelsen
_xTeorías
650 _2Tesauros
_aDerecho
_xEnseñanza
650 _2Tesauros
_aAutonomía Universitaria
650 _2Tesauros
_aUniversidades
_xCreación
_zParís, Bolonia
650 _2Tesauros
_aSistema de Humboldt
650 _2Tesauros
_aConocimiento Científico
650 _2Tesauros
_aLenguaje Científico
650 _2Tesauros
_aCiencias Jurídicas
650 _2Tesauros
_aFilosofía del Derecho
650 _2Tesauros
_aEtica del Derecho
650 _2Tesauros
_aJusticia
650 _2Tesauros
_aContrato social
650 _2Tesauros
_aDerecho Natural Racionalista
650 _2Tesauros
_aDerecho
_xOrdenamiento Jurídico
650 _2Tesauros
_aNormas Jurídicas
_xInterpretación
650 _2Tesauros
_aEstado
650 _2Tesauros
_aDerecho Público
_xRamas
650 _2Tesauros
_aDerecho Privado
650 _2Tesauros
_aDerecho Internacional Público
_xPrivado
650 _2Tesauros
_aDerecho Comunitario
_xPresupuesto
856 _uhttp://biespaext.procuraduria-admon.gob.pa/files/original/84cad8c0a7af78ee4211ba0cc5aaa9c1.pdf
942 _2ddc
_cBK
999 _c210
_d210